COMPILERS (Record no. 216545)
[ view plain ]
| 000 -LEADER | |
|---|---|
| fixed length control field | 00502nam a22001817a 4500 |
| 008 - FIXED-LENGTH DATA ELEMENTS--GENERAL INFORMATION | |
| fixed length control field | 260205b |||||||| |||| 00| 0 eng d |
| 020 ## - INTERNATIONAL STANDARD BOOK NUMBER | |
| International Standard Book Number | 978-1-2920-2434-9 |
| 100 ## - MAIN ENTRY--PERSONAL NAME | |
| Personal name | AHO, ALFRED V. |
| 245 ## - TITLE STATEMENT | |
| Title | COMPILERS |
| Remainder of title | PRINCIPLES, TECHNIQUES, AND TOOLS |
| 250 ## - EDITION STATEMENT | |
| Edition statement | 2ND ED |
| 260 ## - PUBLICATION, DISTRIBUTION, ETC. | |
| Place of publication, distribution, etc. | BOSTON |
| Name of publisher, distributor, etc. | PEARSON ADDISON WESLEY |
| Date of publication, distribution, etc. | 2007 |
| 300 ## - PHYSICAL DESCRIPTION | |
| Extent | XXIV, 1009P. |
| 500 ## - GENERAL NOTE | |
| General note | INCLUDES INDEX |
| 650 ## - SUBJECT ADDED ENTRY | |
| Topical term or geographic name entry element | 1.COMPILERS (COMPUTE PROGRAM) |
| 700 ## - ADDED ENTRY--PERSONAL NAME | |
| Personal name | LAM, MONICA S. |
| 942 ## - ADDED ENTRY ELEMENTS (KOHA) | |
| Source of classification or shelving scheme | Library of Congress Classification |
| Koha item type | Long Loan Book |
| Withdrawn status | Lost status | Source of classification or shelving scheme | Damaged status | Not for loan | Collection | Home library | Current library | Shelving location | Date acquired | Inventory number | Total checkouts | Full call number | Barcode | Date last seen | Copy number | Price effective from | Koha item type |
|---|---|---|---|---|---|---|---|---|---|---|---|---|---|---|---|---|---|
| Library of Congress Classification | Science & Technology | Kisii University Library | Kisii University Library | On Display | 02/05/2026 | 111451 | QA 76.76 .A37 2007 | 50708 | 02/05/2026 | 1 | 02/05/2026 | Long Loan Book | |||||
| Library of Congress Classification | Science & Technology | Kisii University Library | Kisii University Library | On Display | 02/05/2026 | 111452 | QA 76.76 .A37 2007 | 50712 | 02/05/2026 | 2 | 02/05/2026 | Long Loan Book | |||||
| Library of Congress Classification | Science & Technology | Kisii University Library | Kisii University Library | On Display | 02/05/2026 | 111453 | QA 76.76 .A37 2007 | 50705 | 02/05/2026 | 3 | 02/05/2026 | Long Loan Book | |||||
| Library of Congress Classification | Science & Technology | Kisii University Library | Kisii University Library | On Display | 02/05/2026 | 111454 | QA 76.76 .A37 2007 | 50865 | 02/05/2026 | 4 | 02/05/2026 | Long Loan Book |